[Event "Main Vogelsberg op 4th"]
[Site "Heusenstamm"]
[Date "2009.05.02"]
[Round "5"]
[White "Diehl, Mirko"]
[Black "Winand, Edgar"]
[Result "1-0"]
[WhiteElo "1709"]
[BlackElo "2055"]
[PlyCount "118"]
[EventDate "2009.04.30"]
[EventType "swiss"]
[EventRounds "7"]
[EventCountry "GER"]
[SourceTitle "CBM 130 Extra"]
[Source "ChessBase"]
[SourceDate "2009.07.02"]
[SourceVersion "2"]
[SourceVersionDate "2009.07.15"]
[SourceQuality "1"]

1. e4 d6 2. d4 g6 3. Be3 Bg7 4. Bd3 c5 5. Ne2 Nc6 6. c3 b6 7. Qd2 e5 8. Bb5 Bd7 9. d5 Nce7 10. Bxd7+ Qxd7 11. f3 f5 12. Qc2 Nf6 13. h3 f4 14. Bf2 g5 15. Nd2 b5 16. c4 a6 17. b3 Kf7 18. Qd3 h5 19. 0-0-0 Ng6 20. Nc3 Rhb8 21. Kc2 g4 22. Qe2 g3 23. Be1 Nh4 24. Rg1 Rb7 25. Ra1 Nh7 26. Rb1 Ng5 27. Rh1 Bf6 28. Rg1 Bd8 29. Nf1 Ba5 30. Nxg3 Bxc3 31. Bxc3 bxc4 32. Qxc4 Nxg2 33. Nf5 Qxf5 34. Rxg2 Nxe4 35. Qxe4 Qxe4+ 36. fxe4 Rf8 37. Rbg1 Ke8 38. Kd2 f3 39. Rg8 Rbf7 40. Rxf8+ Rxf8 41. Ke3 Ke7 42. Be1 c4 43. b4 c3 44. Bxc3 Rc8 45. Kd3 Rf8 46. Rf1 Kd7 47. Ke3 Rc8 48. Bd2 Rc2 49. Rxf3 Rxa2 50. Ke2 Ke7 51. Rf5 Ra3 52. Rxh5 Rg3 53. Rh6 Rg2+ 54. Kd3 Rg3+ 55. Kc2 Rg2 56. h4 Rh2 57. h5 Kf7 58. Rxd6 Rxh5 59. Rxa6 Rh2 1-0

[Event "Main Vogelsberg op 4th"]
[Site "Heusenstamm"]
[Date "2009.05.01"]
[Round "3"]
[White "Diehl, Mirko"]
[Black "Chandler, Patrick"]
[Result "0-1"]
[WhiteElo "1709"]
[BlackElo "2269"]
[PlyCount "96"]
[EventDate "2009.04.30"]
[EventType "swiss"]
[EventRounds "7"]
[EventCountry "GER"]
[SourceTitle "CBM 130 Extra"]
[Source "ChessBase"]
[SourceDate "2009.07.02"]
[SourceVersion "2"]
[SourceVersionDate "2009.07.15"]
[SourceQuality "1"]

1. e4 d5 2. exd5 Qxd5 3. Nc3 Qd6 4. d4 Nf6 5. Be3 c6 6. Bd3 Bg4 7. Qd2 e6 8. f3 Bh5 9. Ne4 Qd8 10. Ne2 Nbd7 11. N2g3 Bg6 12. Nxf6+ Nxf6 13. Be4 Nd5 14. Bxd5 cxd5 15. c3 Be7 16. Ne2 h6 17. Nf4 Bh7 18. Nd3 0-0 19. 0-0 Rc8 20. Rac1 Qb6 21. Ne5 Rfd8 22. Rfe1 Bf8 23. g3 Qa6 24. a3 h5 25. Red1 b6 26. Nd3 Qc4 27. g4 hxg4 28. fxg4 Bd6 29. Bf4 Bf8 30. Ne5 Qa4 31. Rf1 f6 32. Nf3 Be4 33. g5 Qe8 34. Qf2 Rd7 35. Qg3 Qh5 36. gxf6 Kh8 37. Ne5 gxf6 38. Nxd7 Be7 39. Nxf6 Bxf6 40. Be5 Rg8 41. Bxf6+ Kh7 42. Qxg8+ Kxg8 43. Be5 Qg5+ 44. Kf2 Qd2+ 45. Kg3 Qe3+ 46. Kh4 Bf5 47. Bf4 Qh3+ 48. Kg5 Qg4+ 0-1

[Event "Main Vogelsberg op 4th"]
[Site "Heusenstamm"]
[Date "2009.04.30"]
[Round "1"]
[White "Diehl, Mirko"]
[Black "Laubsch, Bernd"]
[Result "1/2-1/2"]
[WhiteElo "1709"]
[BlackElo "2310"]
[PlyCount "59"]
[EventDate "2009.04.30"]
[EventType "swiss"]
[EventRounds "7"]
[EventCountry "GER"]
[SourceTitle "CBM 130 Extra"]
[Source "ChessBase"]
[SourceDate "2009.07.02"]
[SourceVersion "2"]
[SourceVersionDate "2009.07.15"]
[SourceQuality "1"]

1. e4 c5 2. Nf3 e6 3. c3 Nf6 4. e5 Nd5 5. Bc4 b6 6. Bxd5 exd5 7. d4 d6 8. Bg5 Be7 9. Bxe7 Qxe7 10. 0-0 dxe5 11. Nxe5 0-0 12. Re1 Qd6 13. Re3 Nc6 14. Nxc6 Qxc6 15. Nd2 a5 16. Nf3 a4 17. Ne5 Qd6 18. Qh5 cxd4 19. cxd4 Qb4 20. Nxf7 Qxd4 21. Rd1 Bg4 22. Rxd4 Bxh5 23. Nd6 Rad8 24. Nb5 Be8 25. Nc3 Bc6 26. Nxa4 Bxa4 27. Rxa4 Rc8 28. f3 Rc2 29. Re7 Rxb2 30. Raa7 1/2-1/2